000 00337nam a2200121Ia 4500
008 191201s2012 xx 000 0 und d
100 _aGUPTA, VK and others
245 0 _aElement of mathematical foundations Vol 1 For BCA
250 _a4th
260 _c2012
_bJeevan Sons Publication
_aNEW DELHI
300 _aMISC.
942 _2ddc
_cBK
_0214
999 _c7833
_d7833